| 000 | 00915nam a22002417a 4500 | ||
|---|---|---|---|
| 005 | 2009060105385.0 | ||
| 008 | 090601t xxu||||| |||| 00| 0 eng d | ||
| 010 | _aENG-93808 | ||
| 020 |
_a9788174532923 _c650.00 |
||
| 035 | _aEN-77341 | ||
| 037 | _bDBAD / PUB | ||
| 040 |
_adpl _bEnglish |
||
| 082 | _a780.954 | ||
| 100 | _aSharma, Lovely | ||
| 245 |
_aGlimpses on Indian musicology / _cby Lovely Sharma |
||
| 260 |
_aNew Delhi _bSanjay Prakashan _c2008 |
||
| 270 |
_a4378/4D, 209 JMD House, Ansari Road, Daryaganj, _bNew Delhi _e110002 |
||
| 300 |
_aix, 312p.: _c23cm(Hb) _bb&w photos |
||
| 500 | _aIncludes bibliographical references | ||
| 650 |
_aMusicology _zIndia |
||
| 942 |
_2ddc _cEN _mSHA _h780.954 |
||
| 999 |
_c27062 _d27062 |
||